[Event "Titled Tuesday intern op 04th Oct Early"]
[Site "Chess.com INT"]
[Date "2022.10.04"]
[Round "3"]
[White "Gu, Xiaobing"]
[Black "Jiganchine, Roman"]
[Result "0-1"]
[WhiteElo "2167"]
[BlackElo "2205"]
[PlyCount "80"]
[EventDate "2022.10.04"]
[EventType "swiss (blitz)"]
[EventRounds "11"]
[EventCountry "USA"]
[SourceTitle "EXT 2023"]
[Source "ChessBase"]
[SourceDate "2022.10.05"]
[SourceVersion "1"]
[SourceVersionDate "2022.10.05"]
[SourceQuality "1"]

1. e4 c6 2. d4 d5 3. exd5 cxd5 4. Nf3 Nc6 5. c3 Bf5 6. Bb5 f6 7. 0-0 e6 8. Re1 Qd7 9. c4 Nge7 10. Nc3 Kf7 11. Nh4 Bg6 12. Nxg6 hxg6 13. c5 Qc7 14. h3 Nf5 15. Bxc6 bxc6 16. Ne2 e5 17. b4 a5 18. b5 exd4 19. Nxd4 Bxc5 20. Nxc6 Qd6 21. Bf4 Bxf2+ 22. Kxf2 Qxf4+ 23. Kg1 d4 24. Qb3+ Kf8 25. Qe6 Qd6 26. Qe4 Rc8 27. Rad1 Rh4 28. Qe2 Kg8 29. g4 Rxh3 30. gxf5 Rg3+ 31. Kh1 Rh3+ 32. Kg1 Rg3+ 33. Kf1 Qf4+ 34. Qf2 Rf3 35. Re2 Rxf2+ 36. Rxf2 Qd6 37. Rxd4 Qc7 38. Re2 gxf5 39. Ne7+ Kf7 40. Nxc8 Qc1+ 0-1

[Event "Titled Tuesday intern op 27th Sep Early"]
[Site "Chess.com INT"]
[Date "2022.09.27"]
[Round "5"]
[White "Perez Gormaz, Matias Ariel"]
[Black "Gu, Xiaobing"]
[Result "0-1"]
[WhiteElo "2397"]
[BlackElo "2219"]
[PlyCount "100"]
[EventDate "2022.09.27"]
[EventType "swiss (blitz)"]
[EventRounds "11"]
[EventCountry "USA"]
[SourceTitle "CBM 210 Extra"]
[Source "ChessBase"]
[SourceDate "2022.11.30"]
[SourceVersion "1"]
[SourceVersionDate "2022.11.30"]
[SourceQuality "1"]

1. Nf3 Nf6 2. g3 g6 3. b3 Bg7 4. Bb2 d6 5. d4 0-0 6. Bg2 Nbd7 7. 0-0 e5 8. dxe5 dxe5 9. Nxe5 Ng4 10. Nd3 Bxb2 11. Nxb2 Qf6 12. Qc1 Nc5 13. Nd2 Bf5 14. Nd3 Ne6 15. Bxb7 Nd4 16. Qd1 Rad8 17. Bg2 Rfe8 18. e4 Bc8 19. Rc1 Ne5 20. Nxe5 Qxe5 21. c3 Ne6 22. Qe2 Nc5 23. Nc4 Qe7 24. Rcd1 Ba6 25. Rfe1 Rxd1 26. Rxd1 Nxe4 27. Bxe4 Qxe4 28. Qxe4 Rxe4 29. Ne3 Kg7 30. Rd7 Re6 31. Rxc7 Rd6 32. Rxa7 Bc8 33. Kf1 Rd2 34. h4 h5 35. Ke1 Rb2 36. c4 Kf6 37. c5 Ke5 38. Rxf7 Ke4 39. Kd1 Kd3 40. Kc1 Rxa2 41. b4 Kc3 42. Nd1+ Kb3 43. Rf3+ Kxb4 44. c6 Bg4 45. Rf4+ Kb3 46. c7 Rc2+ 47. Kb1 Bxd1 48. Rf6 Rxc7 49. Rxg6 Bc2+ 50. Kc1 Bxg6+ 0-1

[Event "Titled Tuesday intern op 20th Sep Early"]
[Site "Chess.com INT"]
[Date "2022.09.20"]
[Round "9"]
[White "Gu, Xiaobing"]
[Black "Aizpurua, Patrick Emilio"]
[Result "0-1"]
[WhiteElo "2219"]
[BlackElo "2310"]
[PlyCount "84"]
[EventDate "2022.09.20"]
[EventType "swiss (blitz)"]
[EventRounds "11"]
[EventCountry "USA"]
[SourceTitle "EXT 2023"]
[Source "ChessBase"]
[SourceDate "2022.10.05"]
[SourceVersion "1"]
[SourceVersionDate "2022.10.05"]
[SourceQuality "1"]

1. e4 e5 2. Nf3 Nc6 3. Bb5 a6 4. Bxc6 dxc6 5. 0-0 Qf6 6. d4 exd4 7. Bg5 Qd6 8. Nxd4 Bd7 9. Be3 0-0-0 10. Qe2 Re8 11. Nd2 c5 12. N4b3 Qc6 13. f3 f5 14. Rad1 Nf6 15. exf5 Nd5 16. Nc4 Bxf5 17. Nba5 Qe6 18. Rfe1 b5 19. Qd2 bxc4 20. Qxd5 Qxd5 21. Rxd5 Be6 22. Re5 Bd6 23. Re4 Bd5 24. Rxe8+ Rxe8 25. Kf2 c6 26. Rd1 Bc7 27. b4 cxb4 28. Nxc4 Bxc4 29. Rd4 Bb6 30. Rxc4 Bxe3+ 31. Kg3 c5 32. Rg4 g6 33. h4 Kc7 34. f4 Bd4 35. Kf3 Re3+ 36. Kf2 Rc3+ 37. Ke2 Rxc2+ 38. Kd3 Rxa2 39. h5 gxh5 40. Rg8 Rf2 41. Ke4 b3 42. f5 b2 0-1

[Event "Titled Tuesday intern op 20th Sep Early"]
[Site "Chess.com INT"]
[Date "2022.09.20"]
[Round "11"]
[White "Khamdamova, Afruza"]
[Black "Gu, Xiaobing"]
[Result "0-1"]
[WhiteElo "2040"]
[BlackElo "2219"]
[PlyCount "90"]
[EventDate "2022.09.20"]
[EventType "swiss (blitz)"]
[EventRounds "11"]
[EventCountry "USA"]
[SourceTitle "EXT 2023"]
[Source "ChessBase"]
[SourceDate "2022.10.05"]
[SourceVersion "1"]
[SourceVersionDate "2022.10.05"]
[SourceQuality "1"]

1. e4 c5 2. Nf3 d6 3. d4 cxd4 4. Nxd4 Nf6 5. Nc3 a6 6. Bg5 Nbd7 7. f4 g6 8. Qf3 Bg7 9. 0-0-0 Qa5 10. Nb3 Qc7 11. g4 0-0 12. h4 h6 13. Bxf6 Nxf6 14. Bh3 h5 15. Nd5 Nxd5 16. Rxd5 hxg4 17. Bxg4 Bxg4 18. Qxg4 Rac8 19. Rd2 Qc4 20. f5 Bh6 21. c3 Kg7 22. Rg1 a5 23. fxg6 f5 24. Qh3 fxe4 25. Nd4 Qxd4 26. Rg5 Qf6 27. Rdg2 Qf1+ 28. Kc2 Qd3+ 29. Qxd3 exd3+ 30. Kxd3 Bxg5 31. Rxg5 Rf4 32. h5 a4 33. Ra5 Kh6 34. Ke3 Rh4 35. Ra7 Rb8 36. Kd3 Rxh5 37. Rxa4 Kxg6 38. Rg4+ Kf5 39. Re4 e5 40. Re3 d5 41. Rf3+ Kg4 42. Rf1 Rh3+ 43. Kd2 e4 44. Rg1+ Kf4 45. Rf1+ Rf3 0-1